[Event "zonal 1.2"]
[Site "Pula CRO"]
[Date "2000.04.19"]
[Round "8"]
[White "Nedev, Trajce"]
[Black "Psakhis, Lev"]
[Result "0-1"]
[WhiteElo "2483"]
[BlackElo "2599"]
[EventDate "2000.04.11"]
[PlyCount "132"]

1.e4 c5 2.Nf3 d6 3.d4 cxd4 4.Nxd4 Nf6 5.Nc3 a6 6.Be3 e6 7.f3 b5 8.g4 Nfd7 
9.Qd2 Nb6 10.O-O-O Bb7 11.Bg5 Qc8 12.Bd3 N8d7 13.Kb1 b4 14.Nce2 d5 15.exd5
Nxd5 16.Rhe1 Bc5 17.Bf5 Bxd4 18.Nxd4 Nc5 19.Be4 O-O 20.Bxd5 Bxd5 21.Qxb4 
Rb8 22.Qa3 Qc7 23.Nf5 exf5 24.Rxd5 Na4 25.Rd8 Rfxd8 26.Bxd8 Qc6 27.Qe7 
Rxb2+ 28.Ka1 h5 29.Qe8+ Qxe8 30.Rxe8+ Kh7 31.Re2 hxg4 32.fxg4 Rb8 33.Ba5 
Rb5 34.Be1 Rd5 35.a3 fxg4 36.Ka2 Nb6 37.Kb3 Kg6 38.c4 Rh5 39.Rd2 f6 40.Bg3
Rc5 41.Rd4 Kf5 42.Kb4 Rc6 43.c5 Nc8 44.Rf4+ Kg5 45.Re4 f5 46.Re8 Kf6 47.
Kc4 Kf7 48.Rd8 g5 49.Rd7+ Ke6 50.Rg7 f4 51.Rg6+ Kd7 52.Rg7+ Ne7 53.Bf2 Rg6
54.Rh7 Re6 55.Rg7 Re2 56.Bd4 f3 57.Kd3 Re1 58.Kd2 Re4 59.Kd3 Re1 60.Kd2 
Re2+ 61.Kd3 Rxh2 62.c6+ Kxc6 63.Rxe7 g3 64.Re6+ Kd7 65.Rg6 Rh1 66.Rxg5 f2 
0-1

[Event "zonal 1.2"]
[Site "Pula CRO"]
[Date "2000.04.19"]
[Round "8"]
[White "Hulak, Krunoslav"]
[Black "Palac, Mladen"]
[Result "1/2-1/2"]
[WhiteElo "2495"]
[BlackElo "2571"]
[EventDate "2000.04.11"]
[PlyCount "21"]

1.c4 c5 2.g3 g6 3.Bg2 Bg7 4.Nc3 Nc6 5.e3 e6 6.Nge2 Nge7 7.O-O O-O 8.d4 
cxd4 9.Nxd4 Nxd4 10.exd4 d5 11.cxd5 1/2-1/2

[Event "zonal 1.2"]
[Site "Pula CRO"]
[Date "2000.04.19"]
[Round "8"]
[White "Sermek, Drazen"]
[Black "Kurajica, Bojan"]
[Result "1/2-1/2"]
[WhiteElo "2517"]
[BlackElo "2530"]
[EventDate "2000.04.11"]
[PlyCount "34"]

1.e4 c5 2.c3 d5 3.exd5 Qxd5 4.d4 Nf6 5.Nf3 Bg4 6.Be2 e6 7.h3 Bh5 8.Na3 a6 
9.Nc2 cxd4 10.Ncxd4 Bc5 11.Be3 O-O 12.O-O Nbd7 13.b4 Ba7 14.c4 Qd6 15.Qb3 
Bxf3 16.Nxf3 Bxe3 17.fxe3 b6 1/2-1/2

[Event "zonal 1.2"]
[Site "Pula CRO"]
[Date "2000.04.19"]
[Round "8"]
[White "Gallagher, Joseph"]
[Black "Pelletier, Yannick"]
[Result "1/2-1/2"]
[WhiteElo "2558"]
[BlackElo "2478"]
[EventDate "2000.04.11"]
[PlyCount "41"]

1.e4 e6 2.d4 d5 3.Nc3 Bb4 4.e5 c5 5.Bd2 Ne7 6.f4 Bxc3 7.Bxc3 b6 8.Nf3 Ba6 
9.Bxa6 Nxa6 10.O-O Nb8 11.Ng5 h6 12.Qh5 O-O 13.Nf3 Nbc6 14.g4 cxd4 15.Nxd4
Nxd4 16.Bxd4 Nc6 17.Rad1 Qc7 18.c3 f5 19.exf6 Nxd4 20.Rxd4 Rxf6 21.Qe5 
1/2-1/2

[Event "zonal 1.2"]
[Site "Pula CRO"]
[Date "2000.04.19"]
[Round "8"]
[White "Slobodjan, Roman"]
[Black "Forster, Richard"]
[Result "1/2-1/2"]
[WhiteElo "2566"]
[BlackElo "2462"]
[EventDate "2000.04.11"]
[PlyCount "74"]

1.e4 c5 2.Nf3 d6 3.d4 Nf6 4.Nc3 cxd4 5.Nxd4 g6 6.Be3 Bg7 7.f3 Nc6 8.Qd2 
Bd7 9.O-O-O h5 10.Kb1 Rc8 11.g3 a6 12.h3 b5 13.Nxc6 Bxc6 14.Rh2 Qa5 15.Nd5
Qxd2 16.Rhxd2 Nd7 17.Be2 Nc5 18.Bxc5 Bxd5 19.Bxd6 Bxa2+ 20.Kxa2 exd6 21.
Kb3 h4 22.gxh4 Be5 23.Ra1 Rxh4 24.Rxa6 Rxh3 25.Bxb5+ Kf8 26.Rd3 Rb8 27.Kb4
Rh5 28.b3 Rh2 29.Rc6 Rf2 30.Ka5 Rf1 31.Ba4 Ra1 32.Ka6 Kg7 33.Rc7 Kf6 34.
Ka7 Rb4 35.Ka6 Rb8 36.Ka7 Rb4 37.Ka6 Rb8 1/2-1/2

[Event "zonal 1.2"]
[Site "Pula CRO"]
[Date "2000.04.19"]
[Round "8"]
[White "Zaja, Ivan"]
[Black "Pavasovic, Dusko"]
[Result "1-0"]
[WhiteElo "2452"]
[BlackElo "2544"]
[EventDate "2000.04.11"]
[PlyCount "79"]

1.d4 d5 2.c4 e6 3.Nc3 c6 4.Nf3 dxc4 5.a4 Bb4 6.e4 b5 7.Be2 Bb7 8.O-O a6 9.
Qc2 Ne7 10.Bg5 f6 11.Be3 O-O 12.b3 cxb3 13.Qxb3 Bxc3 14.Qxc3 Re8 15.Nd2 
Nd7 16.Nb3 Rc8 17.Bh5 Ng6 18.Rfd1 Qe7 19.f3 Red8 20.Qe1 Nb6 21.Nc5 Nc4 22.
Bg4 Nf8 23.Bf2 Rc7 24.f4 Bc8 25.e5 Ng6 26.exf6 Qxf6 27.Bxe6+ Bxe6 28.Qxe6+
Rf7 29.Qxf6 Rxf6 30.a5 Kf7 31.Nxa6 Ra8 32.Nb4 Rxa5 33.Rxa5 Nxa5 34.Ra1 Nb3
35.Ra7+ Ke6 36.g3 Ne7 37.Kg2 Kd6 38.g4 Nxd4 39.Bxd4 Rxf4 40.Be5+ 1-0

[Event "zonal 1.2"]
[Site "Pula CRO"]
[Date "2000.04.19"]
[Round "8"]
[White "Stanec, Nikolaus"]
[Black "Ekstrom, Roland"]
[Result "1/2-1/2"]
[WhiteElo "2479"]
[BlackElo "2498"]
[EventDate "2000.04.11"]
[PlyCount "33"]

1.e4 e6 2.d4 d5 3.Nc3 Bb4 4.e5 Ne7 5.a3 Bxc3+ 6.bxc3 c5 7.Qg4 cxd4 8.cxd4 
Qc7 9.Bd2 Qxc2 10.Qxg7 Rg8 11.Qf6 Nbc6 12.Nf3 Rg6 13.Qh8+ Rg8 14.Qf6 Rg6 
15.Qh8+ Rg8 16.Qf6 Rg6 17.Qh8+ 1/2-1/2

[Event "zonal 1.2"]
[Site "Pula CRO"]
[Date "2000.04.19"]
[Round "8"]
[White "Jakubovic, Nedzad"]
[Black "Gabriel, Christian"]
[Result "1/2-1/2"]
[WhiteElo "2368"]
[BlackElo "2564"]
[EventDate "2000.04.11"]
[PlyCount "64"]

1.e4 c5 2.Nc3 Nc6 3.f4 g6 4.Nf3 Bg7 5.Bc4 e6 6.f5 Nge7 7.fxe6 fxe6 8.d3 d5
9.Bb5 O-O 10.Bxc6 Nxc6 11.O-O d4 12.Ne2 e5 13.Bg5 Qd6 14.Qe1 Bg4 15.Qh4 
Qd7 16.Rf2 Rf7 17.Raf1 Raf8 18.Kh1 Bxf3 19.gxf3 Nb4 20.Nc1 Bf6 21.a3 Nc6 
22.Ne2 Qe7 23.Bxf6 Qxf6 24.Qg3 Nd8 25.f4 Ne6 26.f5 Ng7 27.fxg6 Qxg6 28.
Rxf7 Rxf7 29.Rxf7 Qxg3 30.Nxg3 Kxf7 31.Kg2 Kf6 32.h4 b6 1/2-1/2

[Event "zonal 1.2"]
[Site "Pula CRO"]
[Date "2000.04.19"]
[Round "8"]
[White "Weinzettl, Ernst"]
[Black "Feletar, Darko"]
[Result "1/2-1/2"]
[WhiteElo "2402"]
[BlackElo "2410"]
[EventDate "2000.04.11"]
[PlyCount "102"]

1.e4 c5 2.Nf3 d6 3.Nc3 Nc6 4.d4 cxd4 5.Nxd4 Nf6 6.Bc4 e6 7.Be3 Be7 8.Qe2 
a6 9.Bb3 Qc7 10.O-O-O Na5 11.g4 b5 12.g5 Nxb3+ 13.axb3 Nd7 14.Nf5 exf5 15.
Nd5 Qd8 16.exf5 Bb7 17.f6 gxf6 18.Rhe1 Bxd5 19.Rxd5 Rg8 20.gxf6 Nxf6 21.
Rf5 Ng4 22.Bg5 Ne5 23.Bxe7 Qxe7 24.f4 Nd3+ 25.cxd3 Qxe2 26.Rxe2+ Kf8 27.b4
Rc8+ 28.Kb1 Rg4 29.Ka2 Rc1 30.Rd5 Rc6 31.Rf2 Kg7 32.Kb3 Kg6 33.Rd4 Kf6 34.
Rd5 h6 35.Rh5 Kg6 36.Rd5 h5 37.h3 Rg3 38.h4 Rg4 39.Rg5+ Kh6 40.Rf5 Rxh4 
41.Rxf7 Rh3 42.Rg2 Rxd3+ 43.Ka2 d5 44.Rfg7 h4 45.R7g4 Rh3 46.Rg8 Rg3 47.
R2xg3 hxg3 48.Rxg3 d4 49.f5 Rf6 50.Rg4 Rd6 51.f6 Rxf6 1/2-1/2

[Event "zonal 1.2"]
[Site "Pula CRO"]
[Date "2000.04.19"]
[Round "8"]
[White "Bosnjak, Damir"]
[Black "Kutuzovic, Branko"]
[Result "1/2-1/2"]
[WhiteElo "2000"]
[BlackElo "2432"]
[EventDate "2000.04.11"]
[PlyCount "99"]

1.e4 c5 2.Nf3 d6 3.d4 cxd4 4.Nxd4 Nf6 5.Nc3 a6 6.Be3 e6 7.Qd2 b5 8.f3 Bb7 
9.O-O-O Nbd7 10.g4 Nb6 11.Bd3 Nfd7 12.Bg5 Qc8 13.Rhe1 Ne5 14.f4 Nxd3+ 15.
Qxd3 Qc4 16.Qxc4 Nxc4 17.f5 Be7 18.h4 h6 19.Bxe7 Kxe7 20.Nf3 Ne5 21.Nxe5 
dxe5 22.a3 Rad8 23.Rd3 Rd4 24.Red1 Rxd3 25.Rxd3 g6 26.Rf3 gxf5 27.gxf5 Rg8
28.fxe6 fxe6 29.Kd2 Rg4 30.h5 Bc6 31.Ke3 Rg5 32.Rh3 Be8 33.Na2 Rg2 34.Kd3 
Rg5 35.Ke3 Kd6 36.Nb4 a5 37.Nd3 Rxh5 38.Rxh5 Bxh5 39.b4 axb4 40.axb4 Bd1 
41.c3 Bc2 42.Nf2 h5 43.Kf3 Ke7 44.Kg3 Kf6 45.Kh4 Kg6 46.Kg3 Kg5 47.Nh3+ 
Kf6 48.Nf2 Bb1 49.Kh4 Kg6 50.Kg3 1/2-1/2

[Event "zonal 1.2"]
[Site "Pula CRO"]
[Date "2000.04.20"]
[Round "9"]
[White "Huzman, Alexander"]
[Black "Avrukh, Boris"]
[Result "1/2-1/2"]
[WhiteElo "2574"]
[BlackElo "2620"]
[EventDate "2000.04.11"]
[PlyCount "45"]

1.d4 Nf6 2.c4 g6 3.Nc3 Bg7 4.e4 d6 5.Nf3 O-O 6.Be2 e5 7.Be3 Ng4 8.Bg5 f6 
9.Bh4 g5 10.Bg3 Nh6 11.d5 f5 12.exf5 g4 13.Nd2 Bxf5 14.Nf1 Nd7 15.Ne3 Nc5 
16.Nxf5 Nxf5 17.Bxg4 e4 18.O-O Nxg3 19.hxg3 Bxc3 20.bxc3 Qg5 21.Be6+ Nxe6 
22.dxe6 Rf5 23.Qd4 1/2-1/2

[Event "zonal 1.2"]
[Site "Pula CRO"]
[Date "2000.04.20"]
[Round "9"]
[White "Pavasovic, Dusko"]
[Black "Gallagher, Joseph"]
[Result "0-1"]
[WhiteElo "2544"]
[BlackElo "2558"]
[EventDate "2000.04.11"]
[PlyCount "106"]

1.e4 d6 2.d4 g6 3.Nc3 Bg7 4.Be3 c6 5.Qd2 b5 6.Bd3 Nd7 7.Nf3 Qc7 8.O-O Ngf6
9.Bh6 O-O 10.Bxg7 Kxg7 11.a4 b4 12.Ne2 c5 13.Ng3 cxd4 14.Nxd4 Qb6 15.Bb5 
Nc5 16.Rfe1 Ne6 17.Nf3 Qc5 18.Bd3 Nd4 19.Nxd4 Qxd4 20.b3 a5 21.h3 Qc5 22.
Qe2 Be6 23.Kh2 Qe5 24.Kh1 Rac8 25.Qe3 Qc5 26.f4 Qxe3 27.Rxe3 Rc5 28.Rae1 
Rfc8 29.f5 Bd7 30.e5 dxe5 31.Rxe5 e6 32.fxe6 Bxe6 33.Rxc5 Rxc5 34.Rf1 Re5 
35.Rf4 Nd5 36.Rc4 Ne3 37.Re4 Rxe4 38.Nxe4 f5 39.Nd2 Bd5 40.Nf3 Kf6 41.Ne1 
Ke5 42.Kg1 Kd4 43.Kf2 Nd1+ 44.Ke2 Nc3+ 45.Kd2 Ne4+ 46.Ke2 Kc3 47.Ke3 Nc5 
48.Bb5 Be4 49.Bc4 g5 50.Bg8 f4+ 51.Ke2 h6 52.Kd1 Bf5 53.Bd5 Ne6 0-1

[Event "zonal 1.2"]
[Site "Pula CRO"]
[Date "2000.04.20"]
[Round "9"]
[White "Hickl, Jorg"]
[Black "Sermek, Drazen"]
[Result "1/2-1/2"]
[WhiteElo "2556"]
[BlackElo "2517"]
[EventDate "2000.04.11"]
[PlyCount "76"]

1.g3 c5 2.Bg2 g6 3.c4 Bg7 4.Nc3 Nc6 5.a3 b6 6.b4 Bb7 7.bxc5 bxc5 8.Rb1 Rb8
9.Qa4 Ba8 10.Rxb8 Qxb8 11.Nf3 Nh6 12.O-O O-O 13.Nb5 Qb6 14.d3 Rb8 15.Bf4 
d6 16.Rb1 Qa5 17.Qxa5 Nxa5 18.Rd1 a6 19.Nc7 Bc6 20.Nxa6 Rb3 21.Nd2 Rxa3 
22.Rb1 f6 23.Nc7 Bxg2 24.Kxg2 Kf7 25.Ne4 Nf5 26.Rb6 Nd4 27.Ra6 Ra1 28.Nc3 
Nab3 29.Rb6 Na5 30.N7b5 Ndc6 31.Bd2 Nd8 32.Nd5 Nac6 33.Bc3 Ra8 34.f4 f5 
35.Bxg7 Kxg7 36.Kf2 Kf7 37.h3 h5 38.Kf3 Ra2 1/2-1/2

[Event "zonal 1.2"]
[Site "Pula CRO"]
[Date "2000.04.20"]
[Round "9"]
[White "Mohr, Georg"]
[Black "Hertneck, Gerald"]
[Result "1/2-1/2"]
[WhiteElo "2488"]
[BlackElo "2571"]
[EventDate "2000.04.11"]
[PlyCount "76"]

1.Nf3 Nf6 2.c4 d6 3.d4 g6 4.Nc3 Bg7 5.e4 O-O 6.Be2 Bg4 7.Be3 Nfd7 8.Ng1 
Bxe2 9.Ngxe2 c5 10.d5 Na6 11.O-O Qa5 12.Bd2 Rfb8 13.Qc2 Qd8 14.Nc1 Nc7 15.
a4 b6 16.Nd3 a6 17.Rfb1 b5 18.axb5 Nb6 19.bxa6 Nxc4 20.a7 Rb7 21.Bf4 Rbxa7
22.Rxa7 Rxa7 23.Na4 Na5 24.b4 Nb5 25.Qd1 cxb4 26.Rxb4 Rb7 27.Be3 Nc3 28.
Nxc3 Bxc3 29.Rxb7 Nxb7 30.Qb3 Qc7 31.Bb6 Na5 32.Bxc7 Nxb3 33.Bb6 f5 34.
exf5 gxf5 35.f3 Kf7 36.Kf2 Kf6 37.Ke3 Bd2+ 38.Ke2 Bh6 1/2-1/2

[Event "zonal 1.2"]
[Site "Pula CRO"]
[Date "2000.04.20"]
[Round "9"]
[White "Ekstrom, Roland"]
[Black "Slobodjan, Roman"]
[Result "1/2-1/2"]
[WhiteElo "2498"]
[BlackElo "2566"]
[EventDate "2000.04.11"]
[PlyCount "91"]

1.e4 e6 2.d4 d5 3.Nd2 dxe4 4.Nxe4 Nd7 5.Nf3 Ngf6 6.Nxf6+ Nxf6 7.Bd3 c5 8.
dxc5 Bxc5 9.O-O a6 10.c4 O-O 11.Bg5 b6 12.Qe2 Bb7 13.Rad1 Qc7 14.Bxf6 gxf6
15.Be4 Rfd8 16.b3 Bxe4 17.Qxe4 Rxd1 18.Rxd1 Rd8 19.Rxd8+ Qxd8 20.Qe2 Bb4 
21.g4 Qd6 22.h3 Kg7 23.Ne1 Bxe1 24.Qxe1 a5 25.Qe3 h6 26.Kf1 Qd1+ 27.Kg2 
Qd6 28.Qe4 Qd2 29.Qc6 Qd4 30.a3 e5 31.b4 axb4 32.axb4 e4 33.c5 e3 34.fxe3 
Qxe3 35.Qf3 Qd2+ 36.Qf2 Qd5+ 37.Kg1 bxc5 38.bxc5 Qc4 39.Qe3 Qc2 40.Kf1 Kg6
41.Ke1 f5 42.gxf5+ Kxf5 43.Qxh6 Qe4+ 44.Kd2 Qd4+ 45.Ke2 Qc4+ 46.Ke1 
1/2-1/2

[Event "zonal 1.2"]
[Site "Pula CRO"]
[Date "2000.04.20"]
[Round "9"]
[White "Palac, Mladen"]
[Black "Nedev, Trajce"]
[Result "1/2-1/2"]
[WhiteElo "2571"]
[BlackElo "2483"]
[EventDate "2000.04.11"]
[PlyCount "84"]

1.e4 c5 2.Nf3 Nc6 3.d4 cxd4 4.Nxd4 Nf6 5.Nc3 e5 6.Ndb5 d6 7.Bg5 a6 8.Na3 
b5 9.Nd5 Be7 10.Bxf6 Bxf6 11.c3 O-O 12.Nc2 Bg5 13.a4 bxa4 14.Rxa4 a5 15.
Bb5 Bb7 16.O-O Ne7 17.Bc4 Kh8 18.b4 f5 19.Nxe7 Qxe7 20.Bd5 axb4 21.Rxa8 
Bxa8 22.Bxa8 Rxa8 23.Nxb4 fxe4 24.Qd5 Rf8 25.Qxe4 Qc7 26.Nd5 Qc5 27.g3 Bd8
28.Kg2 Bb6 29.f4 g6 30.Nxb6 Qxb6 31.fxe5 Re8 32.e6 Qb2+ 33.Rf2 Qxc3 34.Qa4
Rg8 35.Re2 Rf8 36.Qe4 Qa1 37.Re1 Qa8 38.Qxa8 Rxa8 39.Rd1 Rd8 40.e7 Re8 41.
Rxd6 Rxe7 42.h4 Kg7 1/2-1/2

[Event "zonal 1.2"]
[Site "Pula CRO"]
[Date "2000.04.20"]
[Round "9"]
[White "Mitkov, Nikola"]
[Black "Zaja, Ivan"]
[Result "0-1"]
[WhiteElo "2547"]
[BlackElo "2452"]
[EventDate "2000.04.11"]
[PlyCount "114"]

1.e4 e6 2.d4 d5 3.Nc3 Bb4 4.e5 c5 5.a3 Ba5 6.Bd2 Nc6 7.Qg4 Kf8 8.dxc5 Nxe5
9.Qg3 Ng6 10.Bd3 Bc7 11.f4 Nf6 12.Nge2 Bd7 13.h3 Bc6 14.Qf2 b6 15.Nd4 Ne7 
16.Nxc6 Nxc6 17.Nb5 Nd7 18.Be3 d4 19.Nxd4 Nxd4 20.Bxd4 bxc5 21.Be3 Bb6 22.
Rd1 Qe7 23.O-O h6 24.c4 g6 25.Bd2 f5 26.Bc3 Rh7 27.Rfe1 Bc7 28.Re2 Re8 29.
Bc2 Nb6 30.Rde1 Qd6 31.Qh4 Bd8 32.Qg3 Kf7 33.Qf3 Bf6 34.Rd1 Qe7 35.a4 Bxc3
36.Qxc3 Qc7 37.a5 Nd7 38.Ba4 Re7 39.Red2 Nf6 40.Rd8 g5 41.fxg5 hxg5 42.Bc2
g4 43.R8d6 Ne8 44.R6d3 Nf6 45.Rd6 Ne8 46.R6d3 gxh3 47.Rxh3 Rxh3 48.Qxh3 
Nf6 49.a6 Qf4 50.b3 Ng4 51.Qf3 Qh2+ 52.Kf1 Qe5 53.Kg1 Kf6 54.Qh3 Kg5 55.
Bb1 Rd7 56.Qf3 Rxd1+ 57.Qxd1 Qe3+ 0-1

[Event "zonal 1.2"]
[Site "Pula CRO"]
[Date "2000.04.20"]
[Round "9"]
[White "Pelletier, Yannick"]
[Black "Hulak, Krunoslav"]
[Result "0-1"]
[WhiteElo "2478"]
[BlackElo "2495"]
[EventDate "2000.04.11"]
[PlyCount "98"]

1.d4 d6 2.c4 g6 3.e4 Bg7 4.Nf3 Bg4 5.Be2 Nc6 6.Be3 e5 7.d5 Bxf3 8.Bxf3 Nd4
9.Bxd4 exd4 10.Nd2 c5 11.O-O Nf6 12.Be2 O-O 13.Bd3 Re8 14.Qc2 Bh6 15.Rae1 
a6 16.Nf3 Nd7 17.a3 Qa5 18.Re2 Re7 19.a4 Rae8 20.g3 Bg7 21.Nd2 Ne5 22.h3 
Nxd3 23.Qxd3 Qxa4 24.f4 Qd7 25.Kg2 b5 26.Rfe1 Qb7 27.b3 Kf8 28.g4 Qb8 29.
e5 dxe5 30.f5 Qb6 31.Ne4 Kg8 32.Rc2 Rc8 33.Rf1 Rb7 34.f6 bxc4 35.bxc4 Bf8 
36.Ra1 a5 37.Rca2 Ra8 38.g5 Qc7 39.Ra4 Qb8 40.R1a3 Rb2+ 41.Kg3 Ra6 42.Kh4 
Qc8 43.Qf3 Qd8 44.Qg3 h6 45.Qxe5 Re2 46.Qf4 hxg5+ 47.Kxg5 Rxe4 48.Qxe4 
Rxf6 49.Kg4 Bd6 0-1

[Event "zonal 1.2"]
[Site "Pula CRO"]
[Date "2000.04.20"]
[Round "9"]
[White "Grosar, Aljosa"]
[Black "Weinzettl, Ernst"]
[Result "1-0"]
[WhiteElo "2449"]
[BlackElo "2402"]
[EventDate "2000.04.11"]
[PlyCount "103"]

1.e4 e6 2.d4 d5 3.e5 c5 4.c3 Nc6 5.Nf3 Bd7 6.a3 Rc8 7.b4 cxd4 8.cxd4 Nge7 
9.Bb2 Ng6 10.h4 Be7 11.h5 Nh4 12.Nxh4 Bxh4 13.Nd2 Be7 14.Bd3 Qb6 15.Qg4 
O-O 16.Rb1 f5 17.exf6 Rxf6 18.Nf3 Rcf8 19.Bc1 Rxf3 20.gxf3 Qxd4 21.Bb2 
Qxg4 22.fxg4 Bd6 23.h6 g5 24.b5 Ne5 25.Be2 Nf3+ 26.Bxf3 Rxf3 27.Bc1 e5 28.
Bxg5 Rxa3 29.Bd2 Kf7 30.Rh5 Kg6 31.Bb4 Bxb4+ 32.Rxb4 Ra1+ 33.Kd2 Ra2+ 34.
Ke1 d4 35.f4 Bxg4 36.Rxe5 Ra1+ 37.Kf2 d3 38.Rd4 Be2 39.Rd6+ Kf7 40.f5 Ra2 
41.Ke3 Bf1 42.Kf4 Rf2+ 43.Kg3 Rc2 44.Red5 Rg2+ 45.Kf3 Rh2 46.Kf4 Rf2+ 47.
Ke3 Rb2 48.Rd7+ Kf6 49.Rxh7 Kg5 50.Rh8 Re2+ 51.Kd4 Re7 52.f6+ 1-0

[Event "zonal 1.2"]
[Site "Pula CRO"]
[Date "2000.04.20"]
[Round "9"]
[White "Forster, Richard"]
[Black "Jakubovic, Nedzad"]
[Result "1/2-1/2"]
[WhiteElo "2462"]
[BlackElo "2368"]
[EventDate "2000.04.11"]
[PlyCount "50"]

1.e4 e5 2.Nf3 Nc6 3.Bb5 a6 4.Ba4 Nf6 5.O-O Be7 6.Re1 b5 7.Bb3 O-O 8.d4 d6 
9.c3 Bg4 10.d5 Na5 11.Bc2 Nc4 12.a4 c6 13.b3 Nb6 14.a5 Nbd7 15.h3 Bxf3 16.
Qxf3 c5 17.Nd2 g6 18.Nf1 Nh5 19.g3 Bg5 20.Ne3 Ng7 21.h4 Bh6 22.Bd3 f5 23.
exf5 Bxe3 24.Bxe3 Nxf5 25.h5 Ng7 1/2-1/2

[Event "zonal 1.2"]
[Site "Pula CRO"]
[Date "2000.04.20"]
[Round "9"]
[White "Feletar, Darko"]
[Black "Bosnjak, Damir"]
[Result "1-0"]
[WhiteElo "2410"]
[BlackElo "2000"]
[EventDate "2000.04.11"]
[PlyCount "89"]

1.d4 d6 2.Nf3 g6 3.e4 Bg7 4.Be2 e5 5.O-O Nc6 6.Bb5 exd4 7.Nxd4 Bd7 8.Nxc6 
bxc6 9.Bd3 Ne7 10.Nd2 O-O 11.Nf3 h6 12.Re1 c5 13.c3 Be6 14.Qe2 a5 15.Bc4 
Qd7 16.a4 Rab8 17.Nd2 Nc8 18.Bxe6 fxe6 19.Nc4 Nb6 20.Nxa5 Nxa4 21.Qc2 Nb6 
22.e5 Kh7 23.exd6 cxd6 24.h4 Rf5 25.Be3 Nd5 26.Nc4 Rbf8 27.f3 Nxe3 28.Nxe3
Rh5 29.Ra4 d5 30.Rg4 Qf7 31.Nf1 Qf6 32.Qf2 d4 33.Ng3 Rd5 34.Ne4 Qf5 35.Qc2
c4 36.Qa4 d3 37.Qxc4 d2 38.Rd1 h5 39.Ng5+ Kh6 40.Re4 Re8 41.Qe2 Bf6 42.g4 
hxg4 43.fxg4 Qxe4 44.Nxe4 Bxh4 45.Rxd2 1-0

[Event "zonal 1.2"]
[Site "Pula CRO"]
[Date "2000.04.21"]
[Round "10"]
[White "Sutovsky, Emil"]
[Black "Psakhis, Lev"]
[Result "1/2-1/2"]
[WhiteElo "2586"]
[BlackElo "2599"]
[EventDate "2000.04.11"]
[PlyCount "119"]

1.e4 e6 2.d4 d5 3.Nc3 Nf6 4.Bg5 dxe4 5.Nxe4 Be7 6.Bxf6 Bxf6 7.Nf3 O-O 8.
Bc4 Nc6 9.c3 e5 10.d5 Nb8 11.Qe2 Bf5 12.O-O Bxe4 13.Qxe4 Qd6 14.Rad1 Nd7 
15.Bb5 Nb6 16.Rfe1 a6 17.Bd3 g6 18.Nxe5 Rae8 19.f4 Nd7 20.Qb4 Qxb4 21.cxb4
Nxe5 22.fxe5 Bxe5 23.Re2 Bd4+ 24.Kf1 Rxe2 25.Bxe2 Bxb2 26.d6 c6 27.a4 Rd8 
28.b5 cxb5 29.axb5 a5 30.Rd2 Be5 31.d7 a4 32.Ra2 Bxh2 33.Rxa4 Rxd7 34.Ra7 
Bg3 35.Ra3 Bc7 36.Bf3 b6 37.Ke2 h5 38.Rd3 Rxd3 39.Kxd3 f5 40.Bc6 Kg7 41.
Be8 h4 42.Ke2 Kf6 43.Bd7 Ke5 44.Be8 g5 45.Bd7 Bd6 46.Bc8 Bc5 47.Bd7 Kf4 
48.Kf1 g4 49.Bc8 h3 50.gxh3 gxh3 51.Bd7 Kf3 52.Be6 h2 53.Bd5+ Ke3 54.Kg2 
Bd6 55.Be6 Ke4 56.Bd7 Bf4 57.Bc8 Ke5 58.Bd7 Kf6 59.Bc6 Kg5 60.Kh3 1/2-1/2

[Event "zonal 1.2"]
[Site "Pula CRO"]
[Date "2000.04.21"]
[Round "10"]
[White "Avrukh, Boris"]
[Black "Kurajica, Bojan"]
[Result "1/2-1/2"]
[WhiteElo "2620"]
[BlackElo "2530"]
[EventDate "2000.04.11"]
[PlyCount "101"]

1.e4 c5 2.Nf3 e6 3.d4 cxd4 4.Nxd4 a6 5.Bd3 Qb6 6.Nb3 Qc7 7.O-O d6 8.f4 g6 
9.N1d2 Bg7 10.Nf3 Nc6 11.f5 Nge7 12.Nh4 Ng8 13.c3 Bf6 14.Nf3 Nge7 15.fxe6 
fxe6 16.Bh6 Ng8 17.Bg5 Qe7 18.Be3 Bg7 19.Qd2 Nf6 20.Rad1 Ng4 21.Bg5 Qc7 
22.h3 Nge5 23.Nxe5 Nxe5 24.Bh6 Bxh6 25.Qxh6 Qe7 26.Nd4 Bd7 27.Bc2 O-O-O 
28.Bb3 Nc6 29.Nf3 Rdf8 30.Rf2 Ne5 31.Nxe5 dxe5 32.Rfd2 Bc6 33.Qe3 Kc7 34.
a4 a5 35.Bc2 Rd8 36.Kh2 Rxd2 37.Qxd2 Rd8 38.Qxd8+ Qxd8 39.Rxd8 Kxd8 40.b4 
b6 41.Kg3 Ke7 42.Kf2 Kd6 43.h4 h6 44.Ke3 Bd7 45.Kd3 Be8 46.Kc4 Bd7 47.Kb3 
Bc6 48.c4 axb4 49.Kxb4 Bd7 50.g4 g5 51.hxg5 1/2-1/2

[Event "zonal 1.2"]
[Site "Pula CRO"]
[Date "2000.04.21"]
[Round "10"]
[White "Hertneck, Gerald"]
[Black "Palac, Mladen"]
[Result "1/2-1/2"]
[WhiteElo "2571"]
[BlackElo "2571"]
[EventDate "2000.04.11"]
[PlyCount "29"]

1.d4 Nf6 2.Nf3 d5 3.c4 e6 4.Nc3 dxc4 5.e3 a6 6.a4 c5 7.Bxc4 Be7 8.O-O Nc6 
9.Qe2 cxd4 10.Rd1 e5 11.exd4 exd4 12.Nxd4 Nxd4 13.Qe5 Qd6 14.Qxd6 Bxd6 15.
Rxd4 1/2-1/2

[Event "zonal 1.2"]
[Site "Pula CRO"]
[Date "2000.04.21"]
[Round "10"]
[White "Gallagher, Joseph"]
[Black "Hickl, Jorg"]
[Result "1-0"]
[WhiteElo "2558"]
[BlackElo "2556"]
[EventDate "2000.04.11"]
[PlyCount "63"]

1.e4 g6 2.d4 d6 3.Nc3 Bg7 4.f4 Nc6 5.Be3 Nf6 6.Nf3 e6 7.Qd2 O-O 8.Be2 Ne7 
9.O-O-O b6 10.e5 Nfd5 11.Nxd5 exd5 12.h3 c5 13.g4 dxe5 14.fxe5 Qc7 15.Bh6 
Be6 16.Bxg7 Kxg7 17.Qf4 Ng8 18.g5 Bf5 19.Bd3 Bxd3 20.Rxd3 c4 21.Re3 Kh8 
22.h4 f6 23.h5 fxg5 24.Qg3 gxh5 25.Nxg5 Rae8 26.Qh3 Qe7 27.Qxh5 h6 28.Rg3 
Qg7 29.Ne4 Qh7 30.Nf6 Nxf6 31.exf6 Re6 32.Rg7 1-0

[Event "zonal 1.2"]
[Site "Pula CRO"]
[Date "2000.04.21"]
[Round "10"]
[White "Beliavsky, Alexander"]
[Black "Zaja, Ivan"]
[Result "1-0"]
[WhiteElo "2640"]
[BlackElo "2452"]
[EventDate "2000.04.11"]
[PlyCount "75"]

1.d4 d5 2.c4 c6 3.Nf3 Nf6 4.Nc3 e6 5.Bg5 dxc4 6.e4 b5 7.e5 h6 8.Bh4 g5 9.
Nxg5 hxg5 10.Bxg5 Nbd7 11.exf6 Bb7 12.g3 c5 13.d5 Ne5 14.Bg2 Nd3+ 15.Kf1 
Qd7 16.dxe6 fxe6 17.Qe2 O-O-O 18.h4 b4 19.Ne4 Qd4 20.Nd2 Bd5 21.Rb1 Bh6 
22.Nf3 Qe4 23.Qxe4 Bxe4 24.Nd2 Bxg2+ 25.Kxg2 c3 26.bxc3 bxc3 27.Ne4 c2 28.
Rbc1 Rd4 29.Bxh6 Rxh6 30.f7 Rh8 31.Nxc5 Nxc1 32.Rxc1 Rd6 33.Rxc2 Rc6 34.
Rc4 Kd8 35.Rd4+ Ke7 36.Nd7 Ra6 37.Ne5 Rc8 38.Rf4 1-0

[Event "zonal 1.2"]
[Site "Pula CRO"]
[Date "2000.04.21"]
[Round "10"]
[White "Hulak, Krunoslav"]
[Black "Huzman, Alexander"]
[Result "0-1"]
[WhiteElo "2495"]
[BlackElo "2574"]
[EventDate "2000.04.11"]
[PlyCount "94"]

1.g3 c5 2.Bg2 g6 3.d3 Bg7 4.c3 Nc6 5.a3 e6 6.Ra2 Nge7 7.Nf3 O-O 8.b4 d6 9.
e4 e5 10.O-O Kh8 11.Be3 b6 12.Rb2 cxb4 13.axb4 b5 14.Na3 a6 15.Qd2 f5 16.
Rc1 Be6 17.Ng5 Bg8 18.exf5 gxf5 19.Nf3 f4 20.gxf4 Rc8 21.c4 Nd4 22.Bxd4 
exd4 23.cxb5 axb5 24.Nxb5 Qd7 25.Rxc8 Rxc8 26.Na3 Qa4 27.Nc2 Qb5 28.Ng5 
Rc3 29.Ne1 Nf5 30.Be4 Nh4 31.Rb1 Bf6 32.Ngf3 d5 33.Nxh4 dxe4 34.dxe4 Qc6 
35.Nhg2 Qxe4 36.Qd1 Bd5 37.b5 Bb7 38.Rb2 Qd5 39.b6 Qc6 40.Rb1 d3 41.Kh1 
Qd5 42.Qd2 Rc2 43.Qb4 Kg8 44.f3 Re2 45.Rd1 d2 46.h3 Kg7 47.Qa3 Qe6 0-1

[Event "zonal 1.2"]
[Site "Pula CRO"]
[Date "2000.04.21"]
[Round "10"]
[White "Sermek, Drazen"]
[Black "Mitkov, Nikola"]
[Result "0-1"]
[WhiteElo "2517"]
[BlackElo "2547"]
[EventDate "2000.04.11"]
[PlyCount "138"]

1.e4 e5 2.Nf3 Nc6 3.Bc4 Nf6 4.d3 Be7 5.O-O O-O 6.Re1 d6 7.a4 Kh8 8.a5 a6 
9.c3 Ng8 10.d4 Bg4 11.d5 Nb8 12.Nbd2 Bg5 13.h3 Bxf3 14.Nxf3 Bxc1 15.Rxc1 
Nd7 16.b4 Ne7 17.Bd3 h6 18.Qd2 Kh7 19.Nh2 Ng6 20.g3 Qg5 21.Re3 Qd8 22.Nf3 
Ne7 23.Qe2 g6 24.Nd2 Kg7 25.f4 f5 26.Rf1 fxe4 27.Bxe4 exf4 28.gxf4 Nf6 29.
Nf3 Qd7 30.Nd4 Rf7 31.Ne6+ Kh8 32.Rg3 Rg8 33.c4 Nxe4 34.Qxe4 Nf5 35.Rg2 
Qa4 36.c5 Qa3 37.Kh2 Kh7 38.Rfg1 Qe3 39.Re2 Qc3 40.Rg4 dxc5 41.bxc5 Qxa5 
42.Qe5 Qa3 43.h4 Qf3 44.Rgg2 Nxh4 45.Rgf2 Qg4 46.Re3 Qf5 47.Rb2 b6 48.c6 
Qg4 49.Rf2 g5 50.Qe4+ Kh8 51.Qe5+ Kh7 52.Qe4+ Rg6 53.f5 Qxe4 54.Rxe4 Rgf6 
55.d6 cxd6 56.c7 Rxe6 57.fxe6 Rxf2+ 58.Kg1 Rf8 59.e7 Re8 60.Rc4 Rc8 61.
e8=Q Rxe8 62.c8=Q Rxc8 63.Rxc8 Kg6 64.Rc6 Nf5 65.Rxb6 g4 66.Rxa6 Kg5 67.
Ra5 h5 68.Kg2 Kf4 69.Ra4+ Ke5 0-1

[Event "zonal 1.2"]
[Site "Pula CRO"]
[Date "2000.04.21"]
[Round "10"]
[White "Slobodjan, Roman"]
[Black "Grosar, Aljosa"]
[Result "1/2-1/2"]
[WhiteElo "2566"]
[BlackElo "2449"]
[EventDate "2000.04.11"]
[PlyCount "90"]

1.e4 Nf6 2.e5 Nd5 3.d4 d6 4.Nf3 dxe5 5.Nxe5 g6 6.Bc4 c6 7.O-O Nd7 8.Nxd7 
Bxd7 9.Nd2 Bg7 10.c3 Be6 11.Re1 O-O 12.Bb3 Nc7 13.Nf3 Qc8 14.Bf4 Bxb3 15.
axb3 Nd5 16.Be5 Nf6 17.b4 Rd8 18.Qe2 e6 19.Nd2 Nd7 20.Bxg7 Kxg7 21.Ra5 Qc7
22.Rea1 a6 23.Nc4 Re8 24.Rg5 Rad8 25.Rg3 Nb6 26.Ne5 Nd7 27.Nd3 Nf6 28.Rf3 
Rd5 29.Ne5 Re7 30.Qe3 Ng8 31.h4 f6 32.Nd3 Rd8 33.Re1 Rde8 34.Rf4 Nh6 35.
Qf3 Nf5 36.Rfe4 Nd6 37.R4e2 Nf7 38.Qh3 e5 39.Qg3 Qd6 40.Re4 Qd5 41.dxe5 
fxe5 42.Kh1 Nd6 43.Rxe5 Rxe5 44.Rxe5 Ne4 45.Qf4 Nxf2+ 1/2-1/2